[Event "30. Augsburger Friedensfest-Open"]
[Site "Augsburg"]
[Date "2025.08.07"]
[Round "2.10"]
[White "Lupor, Andre"]
[Black "Kaufmann, Thorsten"]
[Result "1-0"]
[WhiteElo "2276"]
[BlackElo "1998"]
[EventDate "2025.08.07"]
[Time "15:30:00"]
[WhiteNrv "2276"]
[BlackNrv "1998"]
[WhiteTwz "2276"]
[BlackTwz "1998"]
[WhiteTitle "FM"]
[WhiteFideId "4680103"]
[BlackFideId "24647950"]
[BlackNatFedId "10101131"]
[WhiteAttr "M"]
[BlackAttr "M"]
[WhiteTeam "?"]
[BlackTeam "SK Sontheim/Brenz e.V."]

1.d4 d5 2.c4 e6 3.Nc3 Nf6 4.cxd5 exd5 5.Bg5 c6 6.e3 Be7 7.Bd3 h6 8.Bf4 O-O
9.h3 Re8 10.Nf3 Nbd7 11.O-O Nf8 12.Qc2 Ne6 13.Bh2 Ng5 14.Ne5 Bd6 15.Kh1 
Nfe4 16.f4 Nxc3 17.fxg5 Bxe5 18.Bxe5 Ne4 19.Bxe4 dxe4 20.Qf2 Qe7 21.gxh6 
f6 22.Bg3 f5 23.hxg7 Qxg7 24.Be5 Qg5 25.Bf4 Qh5 26.Be5 Kh7 27.Qc2 Be6 28.
Rf4 Rg8 29.Qf2 Rg4 30.Rxg4 fxg4 31.Qf6 Qh6 32.Qe7+ Kg8 33.Rf1 gxh3 34.g3 
Bc4 35.Rf5 1-0

[Event "30. Augsburger Friedensfest-Open"]
[Site "Augsburg"]
[Date "2025.08.07"]
[Round "2.11"]
[White "Hoeller, Armin"]
[Black "Boehme, Markus"]
[Result "0-1"]
[WhiteElo "1976"]
[BlackElo "2212"]
[EventDate "2025.08.07"]
[Time "15:30:00"]
[WhiteNrv "1976"]
[BlackNrv "2212"]
[WhiteTwz "1976"]
[BlackTwz "2212"]
[WhiteFideId "24651923"]
[BlackFideId "12946850"]
[WhiteNatFedId "10085787"]
[BlackNatFedId "10259261"]
[WhiteAttr "M"]
[BlackAttr "M"]
[WhiteTeam "SK Weilheim e.V."]
[BlackTeam "SC Uttenreuth e.V."]

1.c4 c5 2.Nf3 Nf6 3.Nc3 Nc6 4.g3 g6 5.Bg2 Bg7 6.O-O d6 7.Rb1 Bf5 8.d3 Qd7 
9.Nd5 Nxd5 10.cxd5 Nd4 11.b4 Nxf3+ 12.Bxf3 Bh3 13.Bg2 b6 14.e4 h5 15.bxc5 
dxc5 16.Bb2 Bxb2 17.Rxb2 Bxg2 18.Kxg2 h4 19.g4 e6 20.dxe6 Qxe6 21.f4 O-O-O
22.f5 Qe5 23.Rbf2 g5 24.Qb3 Rd7 25.a4 Rhd8 26.Rf3 f6 27.a5 Rd6 28.Qc4 Kb7 
29.a6+ Kc7 30.R1f2 Rd4 31.Qf7+ R8d7 32.Qe6 Re7 33.Qg8 Rd8 34.Qc4 Red7 35.
Qe6 Re8 36.Qc4 Qd4 37.Rc2 Qxc4 38.Rxc4 Red8 39.Rc3 Kd6 40.Ra3 Ke5 41.Kf2 
Rd4 42.Re3 Rb4 43.Re2 Rdd4 44.Kf3 Rb1 45.Ke3 Rbb4 46.Kf3 Ra4 47.Rea2 Rxa3 
48.Rxa3 Rb4 49.Ra2 Kd4 50.Ke2 b5 51.Rc2 Ra4 52.Rb2 b4 53.Rc2 b3 54.Rc1 b2 
55.Rb1 Kc3 56.e5 fxe5 0-1

[Event "30. Augsburger Friedensfest-Open"]
[Site "Augsburg"]
[Date "2025.08.07"]
[Round "2.12"]
[White "Hoepfl, Thomas Dr."]
[Black "Martin, Michael"]
[Result "1-0"]
[WhiteElo "2194"]
[BlackElo "2005"]
[EventDate "2025.08.07"]
[Time "15:30:00"]
[WhiteNrv "2194"]
[BlackNrv "2005"]
[WhiteTwz "2194"]
[BlackTwz "2005"]
[WhiteTitle "FM"]
[WhiteFideId "4615182"]
[BlackFideId "4695615"]
[WhiteNatFedId "10086024"]
[BlackNatFedId "10137235"]
[WhiteAttr "M"]
[BlackAttr "M"]
[WhiteTeam "SV Saalespringer Halle"]
[BlackTeam "SAbt TSV Haunstetten"]

1.e4 e6 2.d4 d5 3.Nc3 Nf6 4.e5 Nfd7 5.f4 c5 6.Nf3 Nc6 7.Be3 Be7 8.Qd2 O-O 
9.h4 Qa5 10.h5 f6 11.exf6 Bxf6 12.h6 g6 13.dxc5 Nxc5 14.Nd4 Rb8 15.Bb5 
Nxd4 16.Bxd4 Qb4 17.O-O-O a6 18.Be2 b5 19.Qe3 Bxd4 20.Rxd4 Qa5 21.Qe5 Rb7 
22.b4 Qa3+ 23.Kd2 Ne4+ 24.Nxe4 dxe4 25.Rh3 Qxa2 26.Rc3 Kf7 27.Qg7+ 1-0

[Event "30. Augsburger Friedensfest-Open"]
[Site "Augsburg"]
[Date "2025.08.07"]
[Round "2.13"]
[White "Kaufmann, Kurt"]
[Black "Reis, Thomas"]
[Result "1-0"]
[WhiteElo "1998"]
[BlackElo "2178"]
[EventDate "2025.08.07"]
[Time "15:30:00"]
[WhiteNrv "1998"]
[BlackNrv "2178"]
[WhiteTwz "1998"]
[BlackTwz "2178"]
[WhiteFideId "4621301"]
[BlackFideId "4678699"]
[WhiteNatFedId "10101093"]
[BlackNatFedId "10174084"]
[WhiteAttr "M"]
[BlackAttr "M"]
[WhiteTeam "SK 1926 Noerdlingen-Ries"]
[BlackTeam "SK Kriegshaber"]

1.Nc3 d5 2.d4 Nf6 3.Bf4 e6 4.Nb5 Na6 5.e3 Be7 6.Nf3 O-O 7.Bd3 c6 8.Nc3 Nb4
9.O-O b6 10.Ne5 Bb7 11.Re1 Nxd3 12.cxd3 Nd7 13.Qb3 f6 14.Nxd7 Qxd7 15.e4 
Rae8 16.Rad1 Bd8 17.e5 f5 18.f3 g5 19.Be3 f4 20.Bf2 Bc8 21.Kf1 Re7 22.Ke2 
Rg7 23.Kd2 Qb7 24.Kc1 Bd7 25.Kb1 Be8 26.Ka1 Bg6 27.Rg1 Qa6 28.Qc2 h6 29.
Ne2 Rc7 30.h4 Rff7 31.hxg5 Bxg5 32.Qd2 c5 33.g3 Kh7 34.gxf4 Be7 35.Rh1 Bf8
36.Bh4 c4 37.f5 Rxf5 38.Bg5 cxd3 39.Bxh6 dxe2 40.Bxf8+ Kg8 41.Rdg1 Kxf8 
42.Rxg6 Rg7 43.Rh8+ Kf7 44.Rxg7+ Kxg7 45.Qh6+ Kf7 46.Rf8+ Ke7 47.Qg7+ 1-0

[Event "30. Augsburger Friedensfest-Open"]
[Site "Augsburg"]
[Date "2025.08.07"]
[Round "2.14"]
[White "Kapfer, Ulrich"]
[Black "Romfeld, Michael"]
[Result "0-1"]
[WhiteElo "1952"]
[BlackElo "2162"]
[EventDate "2025.08.07"]
[Time "15:30:00"]
[WhiteNrv "1952"]
[BlackNrv "2162"]
[WhiteTwz "1952"]
[BlackTwz "2162"]
[WhiteFideId "12908371"]
[BlackFideId "16211537"]
[WhiteNatFedId "10099745"]
[BlackNatFedId "10180068"]
[WhiteAttr "M"]
[BlackAttr "M"]
[WhiteTeam "SC Dillingen"]
[BlackTeam "SAbt TSV Haunstetten"]

1.d4 d5 2.c4 e6 3.Nf3 Nf6 4.Bg5 Be7 5.e3 O-O 6.Nc3 b6 7.Be2 Bb7 8.O-O Nbd7
9.Rc1 c5 10.cxd5 Nxd5 11.Bxe7 Qxe7 12.Nxd5 Bxd5 13.dxc5 Nxc5 14.Bc4 Bb7 
15.Qe2 Rfd8 16.Rfd1 g6 17.Rxd8+ Rxd8 18.Rd1 Rxd1+ 19.Qxd1 Qf6 20.Qd4 Qf5 
21.Nd2 Qg5 22.f3 e5 23.h4 exd4 24.hxg5 dxe3 25.Nf1 Na4 26.Nxe3 Nxb2 27.Bb3
Nd3 28.Ng4 Kg7 29.Bc4 Nf4 30.Ne3 a6 31.Kf1 b5 32.Bb3 a5 33.a3 f6 34.gxf6+ 
Kxf6 35.g3 Nd3 36.f4 Nc5 37.Ba2 b4 38.axb4 axb4 39.Ke1 Be4 40.Bd5 b3 41.
Bxb3 Nxb3 42.g4 Nc5 43.Kf2 Bb7 44.Kg3 Ne4+ 45.Kh4 Bc8 46.Nd5+ Kg7 47.Ne3 
Bd7 48.Nc4 Kf6 49.Ne3 Be6 50.Nc2 Nf2 51.Ne3 Nxg4 52.Nc2 Nh6 53.Kg3 Nf5+ 
54.Kf2 Bd5 55.Ke2 Be4 0-1

[Event "30. Augsburger Friedensfest-Open"]
[Site "Augsburg"]
[Date "2025.08.07"]
[Round "2.15"]
[White "Rinderle, Matthias Dr."]
[Black "Stork, Simon"]
[Result "1/2-1/2"]
[WhiteElo "1968"]
[BlackElo "2063"]
[EventDate "2025.08.07"]
[Time "15:30:00"]
[WhiteNrv "1968"]
[BlackNrv "2063"]
[WhiteTwz "1968"]
[BlackTwz "2063"]
[WhiteFideId "533033340"]
[BlackFideId "16217012"]
[WhiteNatFedId "10177473"]
[BlackNatFedId "10217074"]
[WhiteAttr "M"]
[BlackAttr "M"]
[WhiteTeam "SK Rochade Augsburg"]
[BlackTeam "SK Rochade Augsburg"]

1.Nf3 d5 2.g3 Nd7 3.d4 Ngf6 4.Bg2 e6 5.O-O b5 6.a4 b4 7.c4 bxc3 8.Nxc3 Bb4
9.Ne1 O-O 10.Nd3 Bxc3 11.bxc3 Re8 12.Ba3 a5 13.c4 c6 14.cxd5 cxd5 15.Qc2 
1/2-1/2

[Event "30. Augsburger Friedensfest-Open"]
[Site "Augsburg"]
[Date "2025.08.07"]
[Round "2.16"]
[White "Haselbeck, Franz"]
[Black "Kamenskyi, Dmytro"]
[Result "0-1"]
[WhiteElo "1931"]
[BlackElo "2049"]
[EventDate "2025.08.07"]
[Time "15:30:00"]
[WhiteNrv "1931"]
[BlackNrv "2049"]
[WhiteTwz "1931"]
[BlackTwz "2049"]
[WhiteFideId "1270356"]
[BlackFideId "34123466"]
[WhiteNatFedId "10075444"]
[BlackNatFedId "10745791"]
[WhiteAttr "M"]
[BlackAttr "M"]
[WhiteTeam "SV Deggendorf"]
[BlackTeam "SK Kriegshaber"]

1.Nf3 d5 2.g3 Nf6 3.Bg2 e6 4.O-O Be7 5.d3 c5 6.Nbd2 Nc6 7.Re1 Qc7 8.e4 b6 
9.c3 Bb7 10.Qe2 h6 11.exd5 Nxd5 12.Nc4 Bf6 13.Nfe5 Nxe5 14.Nxe5 Bxe5 15.
Qxe5 Qxe5 16.Rxe5 O-O-O 17.Bd2 Nf6 18.Bf1 Ng4 19.Ree1 h5 20.h3 Nh6 21.Bg5 
Rd7 22.d4 cxd4 23.cxd4 Nf5 24.Bb5 Rd5 25.Rec1+ Kb8 26.Bf4+ Ka8 27.Bc4 Rxd4
28.a4 a6 29.b3 Rd7 30.Be2 e5 31.Bxe5 Re7 32.f4 f6 33.Bd3 Nxg3 34.Rc7 Rhe8 
35.Bg6 fxe5 36.Rxb7 Kxb7 37.Bxe8 Rxe8 38.fxe5 Rxe5 39.Rd1 Nf5 40.Rd7+ Kc6 
41.Rf7 a5 42.Kf2 g5 43.Rh7 g4 44.Rxh5 gxh3 45.Rxh3 Nd4 46.Rh6+ Kc5 47.Rh3 
Re2+ 48.Kf1 Rb2 49.Rc3+ Kd5 0-1

[Event "30. Augsburger Friedensfest-Open"]
[Site "Augsburg"]
[Date "2025.08.07"]
[Round "2.17"]
[White "Gradl, Winfried"]
[Black "Soergel, Thomas"]
[Result "0-1"]
[WhiteElo "1945"]
[BlackElo "2018"]
[EventDate "2025.08.07"]
[Time "15:30:00"]
[WhiteNrv "1945"]
[BlackNrv "2018"]
[WhiteTwz "1945"]
[BlackTwz "2018"]
[WhiteFideId "4648030"]
[BlackFideId "4667980"]
[WhiteNatFedId "10064910"]
[BlackNatFedId "10209978"]
[WhiteAttr "M"]
[BlackAttr "M"]
[WhiteTeam "SAbt TuS Fuerstenfeldbruck"]
[BlackTeam "SK Graefelfing"]

1.d4 d5 2.c4 e6 3.Nf3 Nf6 4.g3 c6 5.Bg2 Bd6 6.O-O O-O 7.Nc3 Nbd7 8.Qc2 b6 
9.e4 dxe4 10.Nxe4 Nxe4 11.Qxe4 Bb7 12.Ng5 Nf6 13.Qe2 h6 14.Nf3 Qc7 15.b3 
c5 16.Bb2 cxd4 17.Nxd4 Bxg2 18.Kxg2 Be7 19.Qf3 Rfc8 20.Rad1 a6 21.Rc1 Nd7 
22.Rfd1 Bf6 23.Ba3 Nc5 24.b4 Nb7 25.c5 bxc5 26.bxc5 Bxd4 27.Rxd4 Qc6 28.
Qxc6 Rxc6 29.Rd7 Nd8 30.Rcd1 Rcc8 31.f4 Nc6 32.Kf3 Kf8 33.Ke4 Ke8 34.f5 
exf5+ 35.Kxf5 Rd8 36.R7d6 Rxd6 37.cxd6 Kd7 38.Rb1 Nd4+ 39.Ke5 Nb5 40.Bb4 
Re8+ 41.Kd5 Re6 42.a4 Nxd6 43.Bc5 Rf6 44.Rb6 Ne8 45.Rb7+ Nc7+ 46.Ke5 Kc6 
47.Ra7 Kxc5 48.Rxc7+ Kb4 49.h4 h5 50.Rc8 Rf3 51.Rh8 g6 52.Rf8 a5 53.Ke4 
Rxg3 54.Rxf7 Rg4+ 0-1

[Event "30. Augsburger Friedensfest-Open"]
[Site "Augsburg"]
[Date "2025.08.07"]
[Round "2.18"]
[White "Galje, Hans"]
[Black "Birth, Daniel"]
[Result "0-1"]
[WhiteElo "1934"]
[BlackElo "2083"]
[EventDate "2025.08.07"]
[Time "15:30:00"]
[WhiteNrv "1934"]
[BlackNrv "2083"]
[WhiteTwz "1934"]
[BlackTwz "2083"]
[WhiteFideId "1003240"]
[BlackFideId "4671651"]
[BlackNatFedId "10016923"]
[WhiteAttr "M"]
[BlackAttr "M"]
[WhiteTeam "?"]
[BlackTeam "SK Rochade Augsburg"]

1.e4 g6 2.d4 Bg7 3.Nc3 c6 4.Nf3 d5 5.h3 Nh6 6.Bd3 O-O 7.O-O f6 8.Qe2 Nf7 
9.Rd1 e6 10.Be3 b6 11.b4 Bb7 12.Rab1 Nd7 13.a4 Qe7 14.Bf4 Rfe8 15.Re1 Qf8 
16.Qd2 e5 17.dxe5 fxe5 18.Bg3 Bh6 19.Qd1 Rad8 20.Bh4 Rc8 21.Bf1 Qd6 22.b5 
d4 23.bxc6 Qxc6 24.Bb5 Qe6 25.Bxd7 Qxd7 26.Nb5 a6 27.Na3 Bf8 28.Qc1 Qxa4 
29.Rxb6 Bxa3 30.Qa1 Bc6 31.Reb1 Bc5 32.Rxa6 Qxa1 33.Rbxa1 Ra8 34.Bg3 Bxe4 
0-1

[Event "30. Augsburger Friedensfest-Open"]
[Site "Augsburg"]
[Date "2025.08.07"]
[Round "2.19"]
[White "Baeuml, Ulrich"]
[Black "Zimmermann, Felix"]
[Result "1-0"]
[WhiteElo "2055"]
[BlackElo "1924"]
[EventDate "2025.08.07"]
[Time "15:30:00"]
[WhiteNrv "2055"]
[BlackNrv "1924"]
[WhiteTwz "2055"]
[BlackTwz "1924"]
[WhiteFideId "4635051"]
[BlackFideId "12989720"]
[WhiteNatFedId "10006494"]
[BlackNatFedId "10262226"]
[WhiteAttr "M"]
[BlackAttr "M"]
[WhiteTeam "SC Dillingen"]
[BlackTeam "SV Gruen-W. Niederwiesa"]

1.c4 e5 2.g3 f5 3.Bg2 Nf6 4.Nc3 c6 5.a3 d6 6.d3 g6 7.e3 Bg7 8.Nge2 O-O 9.
O-O Be6 10.Bd2 Nbd7 11.b4 d5 12.cxd5 cxd5 13.d4 e4 14.Na4 Nb6 15.Nxb6 Qxb6
16.Nc3 Bd7 17.Qb3 Kh8 18.Rfc1 Rac8 19.Bf1 Qd6 20.b5 b6 21.a4 g5 22.a5 Be6 
23.axb6 axb6 24.Ra6 Ng4 25.Na4 Rxc1 26.Bxc1 Rb8 27.Ba3 Qc7 28.Qc3 Qxc3 29.
Nxc3 Bf6 30.Na4 f4 31.h3 fxe3 32.hxg4 exf2+ 33.Kxf2 Bxd4+ 34.Ke1 Bxg4 35.
Be2 Bxe2 36.Kxe2 Kg7 37.Bc1 Rc8 38.Bxg5 Rc2+ 39.Kd1 Ra2 40.Bd2 Ra1+ 41.Ke2
Ra3 42.Nc3 Rb3 43.Nxd5 Rxb5 44.Nc7 Re5 45.Ra4 Bc5 46.Bc3 Kf6 47.Rxe4 Bd6 
48.Bxe5+ Bxe5 49.Nd5+ Kf5 50.Kf3 Bxg3 51.Ne3+ 1-0

[Event "30. Augsburger Friedensfest-Open"]
[Site "Augsburg"]
[Date "2025.08.07"]
[Round "2.20"]
[White "Boehm, Korbinian"]
[Black "Schmid, Bernhard"]
[Result "1-0"]
[WhiteElo "1928"]
[BlackElo "2011"]
[EventDate "2025.08.07"]
[Time "15:30:00"]
[WhiteNrv "1928"]
[BlackNrv "2011"]
[WhiteTwz "1928"]
[BlackTwz "2011"]
[WhiteFideId "16211561"]
[BlackFideId "12915467"]
[WhiteNatFedId "10019245"]
[BlackNatFedId "10191977"]
[WhiteAttr "M"]
[BlackAttr "M"]
[WhiteTeam "Sportfr.Windach e.V.1923"]
[BlackTeam "SK Kelheim 1920"]

1.d4 d5 2.Bf4 Nf6 3.e3 c5 4.c3 Qb6 5.Qb3 c4 6.Qc2 g6 7.b3 Bf5 8.Qb2 Nc6 9.
h3 Bg7 10.Nf3 O-O 11.Be2 Nd7 12.O-O e5 13.Bg3 Rfe8 14.Rd1 Rad8 15.Bf1 h6 
16.Nbd2 g5 17.Qc1 exd4 18.exd4 cxb3 19.axb3 Rc8 20.Qb2 a6 21.Ra4 Bg6 22.h4
g4 23.Ne1 Nf6 24.Nd3 Nh5 25.Nf4 Nxg3 26.fxg3 Qd8 27.Nxg6 fxg6 28.Bd3 Qd6 
29.Nf1 Re7 30.Qb1 Nd8 31.Qc2 b5 32.Ra2 Bxd4+ 33.Kh1 Rxc3 34.Qb1 Be5 35.
Bxg6 Bxg3 36.Qf5 Be5 37.Rf2 Ne6 38.Bf7+ Kh8 39.Re1 Ng7 40.Qxg4 Bg3 41.Rxe7
Qxe7 42.Nxg3 Qe1+ 43.Rf1 Qxg3 44.Qb4 Rc8 45.Bxd5 Qb8 46.Be4 Rg8 47.Rf6 Rd8
48.Bc2 Kg8 49.Qe4 1-0

[Event "30. Augsburger Friedensfest-Open"]
[Site "Augsburg"]
[Date "2025.08.07"]
[Round "2.21"]
[White "Barsov, Vladislav"]
[Black "Yaroshenko, Yaroslav"]
[Result "0-1"]
[WhiteElo "2005"]
[BlackElo "1918"]
[EventDate "2025.08.07"]
[Time "15:30:00"]
[WhiteNrv "2005"]
[BlackNrv "1918"]
[WhiteTwz "2005"]
[BlackTwz "1918"]
[WhiteFideId "34613757"]
[BlackFideId "16204905"]
[WhiteNatFedId "10722198"]
[BlackNatFedId "10277356"]
[WhiteAttr "M"]
[BlackAttr "M"]
[WhiteTeam "SK Graefelfing"]
[BlackTeam "SK Graefelfing"]

1.c4 g6 2.g3 c5 3.Bg2 Nc6 4.Nc3 Bg7 5.d3 b6 6.e4 Bb7 7.Nge2 Nd4 8.Nxd4 
cxd4 9.Ne2 f5 10.f3 e5 11.O-O Ne7 12.f4 d6 13.b4 O-O 14.Rb1 fxe4 15.dxe4 
Kh8 16.c5 dxc5 17.bxc5 d3 18.cxb6 axb6 19.Be3 dxe2 20.Qxe2 Ba6 21.Qf2 Bxf1
22.Bxf1 exf4 23.gxf4 Nc6 24.Rxb6 Rc8 25.Ba6 Rc7 26.Bb5 Qd1+ 27.Bf1 Bd4 28.
Bxd4+ Qxd4 29.Bb5 Qxf2+ 30.Kxf2 Rxf4+ 31.Ke3 Rf6 32.a4 Kg7 0-1

[Event "30. Augsburger Friedensfest-Open"]
[Site "Augsburg"]
[Date "2025.08.07"]
[Round "2.22"]
[White "Lang, Thomas"]
[Black "Schubert, Martin"]
[Result "1-0"]
[WhiteElo "2003"]
[BlackElo "1899"]
[EventDate "2025.08.07"]
[Time "15:30:00"]
[WhiteNrv "2003"]
[BlackNrv "1899"]
[WhiteTwz "2003"]
[BlackTwz "1899"]
[WhiteFideId "12982520"]
[BlackFideId "12951480"]
[WhiteNatFedId "10286870"]
[BlackNatFedId "10199914"]
[WhiteAttr "M"]
[BlackAttr "M"]
[WhiteTeam "SG Schwaebisch Gmuend 1872 e.V"]
[BlackTeam "SF Pfullingen"]

1.e4 e5 2.Nf3 Nc6 3.Bc4 Nf6 4.d4 exd4 5.O-O Nxe4 6.Re1 d5 7.Bxd5 Qxd5 8.
Nc3 Qd7 9.Nxe4 Be7 10.Bg5 O-O 11.Bxe7 Qxe7 12.Nxd4 Bd7 13.c3 Rfe8 14.Re3 
Nxd4 15.Qxd4 Bc6 16.Rg3 Qe5 17.Nf6+ Kh8 18.Nxe8 Qxd4 19.cxd4 Rxe8 20.Re3 
Rd8 21.Rd1 Bd5 22.a3 Be6 23.d5 g6 24.Red3 Bf5 25.Rd4 h5 26.f3 Rd6 27.Kf2 
Kg7 28.Ke3 Rb6 29.Rb4 Rxb4 30.axb4 Bd7 31.Rc1 c6 32.Ra1 a6 33.d6 Kf6 34.
Kd4 Ke6 35.Kc5 1-0

[Event "30. Augsburger Friedensfest-Open"]
[Site "Augsburg"]
[Date "2025.08.07"]
[Round "2.23"]
[White "Mayer, Manuel"]
[Black "Seisenberger, Georg"]
[Result "1-0"]
[WhiteElo "1900"]
[BlackElo "2002"]
[EventDate "2025.08.07"]
[Time "15:30:00"]
[WhiteNrv "1900"]
[BlackNrv "2002"]
[WhiteTwz "1900"]
[BlackTwz "2002"]
[WhiteFideId "34636838"]
[BlackFideId "12903574"]
[WhiteNatFedId "10762354"]
[BlackNatFedId "10206064"]
[WhiteAttr "M"]
[BlackAttr "M"]
[WhiteTeam "TSV Landsberg 1882"]
[BlackTeam "SV Ilmmuenster"]

1.d4 Nf6 2.c4 e6 3.Nf3 d5 4.g3 Be7 5.Bg2 O-O 6.O-O b6 7.Ne5 Bb7 8.Nc3 Nbd7
9.f4 c5 10.e3 Rc8 11.b3 Ne4 12.Nxe4 dxe4 13.Bb2 Qc7 14.Qe2 Rcd8 15.Rad1 f6
16.Ng4 f5 17.Ne5 cxd4 18.exd4 Nxe5 19.fxe5 Rf7 20.Qe3 g5 21.Bc1 Rdf8 22.
Qc3 Qd8 23.d5 exd5 24.cxd5 Bc5+ 25.Kh1 Bxd5 26.e6 Rc7 27.Bb2 Bd6 1-0

[Event "30. Augsburger Friedensfest-Open"]
[Site "Augsburg"]
[Date "2025.08.07"]
[Round "2.24"]
[White "Kraemer, Max"]
[Black "Waibel, Manuel"]
[Result "1/2-1/2"]
[WhiteElo "1997"]
[BlackElo "1891"]
[EventDate "2025.08.07"]
[Time "15:30:00"]
[WhiteNrv "1997"]
[BlackNrv "1891"]
[WhiteTwz "1997"]
[BlackTwz "1891"]
[WhiteFideId "16211545"]
[BlackFideId "34608060"]
[WhiteNatFedId "10114551"]
[BlackNatFedId "10768978"]
[WhiteAttr "*"]
[BlackAttr "M"]
[WhiteTeam "SK Caissa Augsburg"]
[BlackTeam "Schachges. Augsburg 1873"]

1.e4 e5 2.Nf3 Nc6 3.Bc4 Nf6 4.d3 Bc5 5.c3 a6 6.Bb3 Ba7 7.O-O d6 8.Re1 O-O 
9.h3 h6 10.Nbd2 Re8 11.Nf1 Be6 12.Bxe6 Rxe6 13.Be3 Bxe3 14.Nxe3 Re8 15.Nf5
Ne7 16.N3h4 Ng6 17.Nxg6 fxg6 18.Ng3 Kh7 19.d4 Qe7 20.d5 Rf8 21.Qd2 Rf7 22.
c4 Raf8 23.b4 h5 24.Qg5 Nxd5 25.Qxe7 Nxe7 26.f3 Nc6 27.Rab1 Nd4 28.Ne2 
Nxe2+ 29.Rxe2 g5 30.c5 Rf6 31.Rc1 R8f7 32.Rec2 c6 33.Rd2 dxc5 34.bxc5 g4 
35.fxg4 hxg4 36.hxg4 Rf4 37.Rc4 Rxg4 38.Rb4 Rff4 39.Re2 Kg8 1/2-1/2

[Event "30. Augsburger Friedensfest-Open"]
[Site "Augsburg"]
[Date "2025.08.07"]
[Round "2.25"]
[White "Reschka, Hans"]
[Black "Westerhof, Fleur"]
[Result "0-1"]
[WhiteElo "1886"]
[BlackElo "1987"]
[EventDate "2025.08.07"]
[Time "15:30:00"]
[WhiteNrv "1886"]
[BlackNrv "1987"]
[WhiteTwz "1886"]
[BlackTwz "1987"]
[WhiteFideId "34638148"]
[BlackFideId "1080369"]
[WhiteNatFedId "10828393"]
[BlackNatFedId "10890447"]
[WhiteAttr "M"]
[BlackAttr "W"]
[WhiteTeam "SK Kriegshaber"]
[BlackTeam "SK Turm Kleve 1974 e. V."]

1.e4 e5 2.Nf3 Nc6 3.Bc4 Bc5 4.O-O d6 5.c3 Nf6 6.b4 Bb6 7.Re1 Bg4 8.a4 a5 
9.b5 Ne7 10.h3 Bh5 11.d3 Qd7 12.Be3 Bxe3 13.Rxe3 Ng6 14.d4 O-O 15.Nbd2 
exd4 16.cxd4 Nf4 17.Bf1 Rfe8 18.Kh2 h6 19.g3 Ne6 20.Nb3 Ng5 21.Nbd2 Nfxe4 
22.Nxe4 Nxe4 23.Ra2 Qf5 24.Bd3 Qd5 25.Rc2 Rac8 26.Qe2 Nf6 27.Rxc7 Rf8 28.
Rxc8 Rxc8 29.Be4 Nxe4 30.Rxe4 Rc3 31.g4 Bg6 32.Re3 Rc2 33.Re8+ Kh7 34.Qe3 
Qa2 35.Kg3 Qxa4 36.Nh4 Qa1 37.Nxg6 fxg6 38.Kg2 Rc1 39.Qb3 Rg1+ 40.Kf3 d5 
41.Qxd5 Qd1+ 42.Re2 Qd3+ 43.Re3 Qf1 44.Ke4 Qxf2 45.Qb3 Ra1 46.Rf3 Qe2+ 47.
Kd5 a4 48.Qd3 Qa2+ 49.Qc4 Qg2 50.Qc3 Rf1 0-1

[Event "30. Augsburger Friedensfest-Open"]
[Site "Augsburg"]
[Date "2025.08.07"]
[Round "2.26"]
[White "Timm, Jasper"]
[Black "Beesk, Kevin"]
[Result "1/2-1/2"]
[WhiteElo "1886"]
[BlackElo "1972"]
[EventDate "2025.08.07"]
[Time "15:30:00"]
[WhiteNrv "1886"]
[BlackNrv "1972"]
[WhiteTwz "1886"]
[BlackTwz "1972"]
[WhiteFideId "34614613"]
[BlackFideId "1271882"]
[WhiteNatFedId "10762306"]
[BlackNatFedId "10011885"]
[WhiteAttr "M"]
[BlackAttr "M"]
[WhiteTeam "SK Graefelfing"]
[BlackTeam "SF Augsburg"]

1.d4 Nf6 2.Nf3 c5 3.g3 b6 4.Bg2 Bb7 5.O-O cxd4 6.Nxd4 Bxg2 7.Kxg2 Qc8 8.b3
g6 9.c4 Bg7 10.Bb2 O-O 11.Nd2 Qb7+ 12.Kg1 Rc8 13.e3 Na6 14.Qf3 Qxf3 15.
N2xf3 Nc5 16.Rfd1 a6 17.Ne2 b5 18.Rac1 bxc4 19.Rxc4 d5 20.Rc2 Nce4 21.Rdc1
Rxc2 22.Rxc2 1/2-1/2

[Event "30. Augsburger Friedensfest-Open"]
[Site "Augsburg"]
[Date "2025.08.07"]
[Round "2.27"]
[White "Nagy, Peter"]
[Black "Wezel, Sebastian"]
[Result "0-1"]
[WhiteElo "1878"]
[BlackElo "1965"]
[EventDate "2025.08.07"]
[Time "15:30:00"]
[WhiteNrv "1878"]
[BlackNrv "1965"]
[WhiteTwz "1878"]
[BlackTwz "1965"]
[WhiteFideId "34629211"]
[BlackFideId "24677884"]
[WhiteNatFedId "10793259"]
[BlackNatFedId "10240928"]
[WhiteAttr "M"]
[BlackAttr "M"]
[WhiteTeam "Rosenheimer-SV in der"]
[BlackTeam "SV Dettingen Erms"]

1.d4 Nf6 2.c4 g6 3.Nc3 Bg7 4.e4 d6 5.g3 O-O 6.Bg2 a6 7.Nge2 Nbd7 8.O-O c5 
9.b3 Rb8 10.a4 cxd4 11.Nxd4 Nc5 12.Bb2 Ng4 13.Rb1 Ne5 14.h3 Ned3 15.Nde2 
Nxb2 16.Rxb2 b5 17.cxb5 axb5 18.b4 Nxa4 19.Nxa4 bxa4 20.Ra2 Rxb4 21.Rxa4 
Rb2 22.Nd4 Qb6 23.Re1 Bd7 24.Rc4 Bb5 25.Nxb5 Qxf2+ 0-1

[Event "30. Augsburger Friedensfest-Open"]
[Site "Augsburg"]
[Date "2025.08.07"]
[Round "2.28"]
[White "Vuong, Anh-Tu"]
[Black "Kurka, Christopher-Ulrich"]
[Result "1-0"]
[WhiteElo "1963"]
[BlackElo "1870"]
[EventDate "2025.08.07"]
[Time "15:30:00"]
[WhiteNrv "1963"]
[BlackNrv "1870"]
[WhiteTwz "1963"]
[BlackTwz "1870"]
[WhiteFideId "34658920"]
[BlackFideId "16256328"]
[WhiteNatFedId "10232351"]
[BlackNatFedId "10121751"]
[WhiteAttr "*"]
[BlackAttr "M"]
[WhiteTeam "SG Schwabing Muenchen Nord e.V."]
[BlackTeam "Duesseldorfer SK 14/25 e."]

1.d4 d5 2.c4 e6 3.Nf3 Nf6 4.g3 dxc4 5.Bg2 c5 6.O-O Nc6 7.dxc5 Qxd1 8.Rxd1 
Bxc5 9.Nbd2 c3 10.bxc3 O-O 11.Nb3 Be7 12.Nfd4 Bd7 13.a4 Rfd8 14.a5 Be8 15.
Bf4 Nh5 16.a6 Nxf4 17.gxf4 Rab8 18.axb7 Nxd4 19.Nxd4 Bc5 20.e3 Kf8 21.Nb3 
Rxd1+ 22.Rxd1 Bb6 23.c4 Ba4 24.c5 Bc7 25.Rb1 Ke7 26.Nd4 Rd8 27.Ra1 Be8 28.
Rxa7 Bb8 29.Ra8 1-0

[Event "30. Augsburger Friedensfest-Open"]
[Site "Augsburg"]
[Date "2025.08.07"]
[Round "2.29"]
[White "Wang, Simon"]
[Black "Hotman, Cagan Arhan"]
[Result "1/2-1/2"]
[WhiteElo "1865"]
[BlackElo "1961"]
[EventDate "2025.08.07"]
[Time "15:30:00"]
[WhiteNrv "1865"]
[BlackNrv "1961"]
[WhiteTwz "1865"]
[BlackTwz "1961"]
[WhiteFideId "34605398"]
[BlackFideId "44565798"]
[WhiteNatFedId "10739430"]
[BlackNatFedId "10804822"]
[WhiteAttr "M"]
[BlackAttr "M"]
[WhiteTeam "SF Dachau 1932 e.V."]
[BlackTeam "SK Ingolstadt"]

1.c4 e5 2.g3 Nc6 3.Bg2 f5 4.Nc3 Nf6 5.d3 Bc5 6.Nf3 O-O 7.O-O d6 8.a3 a5 9.
Rb1 f4 10.gxf4 Qe8 11.Nd5 Qh5 12.Be3 Bh3 13.Bxc5 dxc5 14.Bxh3 Qxh3 15.Kh1 
Ng4 16.Ne3 Rxf4 17.Nxg4 Qxg4 18.Rg1 Qd7 19.Rg2 Raf8 20.Qg1 g6 21.Ng5 Qf5 
22.Ne4 Nd4 23.Re1 b6 24.Rg5 Qe6 25.f3 Kh8 26.Rg4 1/2-1/2